Beware of the night / (Record no. 87774)

MARC details
000 -LEADER
fixed length control field 00595nam a22001937a 4500
005 - DATE AND TIME OF LATEST TRANSACTION
control field 20140811123431.0
010 ## - LCCN (DPL NO)
LC control number B-506283-292
020 ## - INTERNATIONAL STANDARD BOOK NUMBER
International Standard Book Number 9789380828732
Terms of availability 149.00
035 ## - SYSTEM CONTROL NUMBER
System control number B-506283-292
037 ## - SOURCE OF ACQUISITION
Stock number KBD/Ven
Source of stock number/acquisition dpl
082 ## - DEWEY DECIMAL CLASSIFICATION NUMBER
Classification number N
100 ## - MAIN ENTRY--PERSONAL NAME
Personal name Podder, Joygopal
245 ## - TITLE STATEMENT
Title Beware of the night /
Statement of responsibility, etc by Joygopal Podder
260 ## - PUBLICATION, DISTRIBUTION, ETC. (IMPRINT)
Place of publication, distribution, etc New Delhi
Name of publisher, distributor, etc Vitasta Publishing
Date of publication, distribution, etc 2012
270 ## - ADDRESS
Address 2/15, Ansari Road, Daryaganj
City Delhi
Postal code 110002
300 ## - PHYSICAL DESCRIPTION
Extent 206p.
Dimensions 24cms.
942 ## - ADDED ENTRY ELEMENTS (KOHA)
Source of classification or shelving scheme Dewey Decimal Classification
Item type English Books
Classification part N
Call number suffix POD
Holdings
Withdrawn status Lost status Not for loan Collection code Home library Current library Date acquired Source of acquisition Cost, normal purchase price Full call number Barcode Copy number Cost, replacement price Koha item type Public note
      Fiction Bawana Bawana 11/08/2014 KBD/BL22/19.3.2013/171/19.3.2013/22.3.2013 149.00 N POD B-506291 1 149.00 English Books  
  Written-off vide DLB M. No. 383 dt 16.05.19   Fiction Central Library Central Library 11/08/2014 KBD/BL22/19.3.2013/171/19.3.2013/22.3.2013 149.00 N POD B-506283 1 149.00 English Books  
      Fiction Janak Puri Janak Puri 11/08/2014 KBD/BL22/19.3.2013/171/19.3.2013/22.3.2013 149.00 N POD B-506286 1 149.00 English Books  
      Fiction Kasturba Gandhi Marg Kasturba Gandhi Marg 11/08/2014 KBD/BL22/19.3.2013/171/19.3.2013/22.3.2013 149.00 N POD B-506285 1 149.00 English Books  
Withdrawn     Fiction Patel Nagar Patel Nagar 11/08/2014 KBD/BL22/19.3.2013/171/19.3.2013/22.3.2013 149.00 N POD B-506284 1 149.00 English Books  
      Fiction Sarojini Nagar Sarojini Nagar 11/08/2014 KBD/BL22/19.3.2013/171/19.3.2013/22.3.2013 149.00 N POD B-506287 1 149.00 English Books Withdrwan List Prepared List No. 99/25
      Fiction Sarojini Nagar Sarojini Nagar 11/08/2014 KBD/BL22/19.3.2013/171/19.3.2013/22.3.2013 149.00 N POD B-506289 1 149.00 English Books  
      Fiction Shahdara Branch Shahdara Branch 11/08/2014 KBD/BL22/19.3.2013/171/19.3.2013/22.3.2013 149.00 N POD B-506292 1 149.00 English Books  
  Written-off vide DLB M. No. 383 dt 16.05.19   Fiction Sriniwas Puri Sriniwas Puri 11/08/2014 KBD/BL22/19.3.2013/171/19.3.2013/22.3.2013 149.00 N POD B-506288 1 149.00 English Books  
      Fiction Vinoba Puri Vinoba Puri 11/08/2014 KBD/BL22/19.3.2013/171/19.3.2013/22.3.2013 149.00 N POD B-506290 1 149.00 English Books  

© Delhi Public Library
Hit Counter
free hit counter